| 000 | 01591 a2200205 4500 | ||
|---|---|---|---|
| 003 | Nust | ||
| 005 | 20221010135145.0 | ||
| 010 | _a 81083272 | ||
| 020 | _a0395314895 | ||
| 040 | _cNust | ||
| 082 | 0 | 0 | _a540,EBB |
| 100 | 1 |
_aEbbing, Darrell D. _999692 |
|
| 245 | 1 | 0 |
_aGeneral chemistry / _cDarrell D. Ebbing ; consulting editor, Mark S. Wrighton. |
| 260 |
_aBoston : _bHoughton Mifflin Co., _cc1984. |
||
| 300 |
_axxiv, 970, [98] p., [8] p. of plates : _bill. (some col.) ; _c26 cm. |
||
| 505 | _aChemistry and Measurement (Page-1), Atomic Theory (Page-27), Calculations with Chemical Formulas and Equations (Page-50), The Gaseous State (Page-88), Atomic Structure (Page-128), Electron Configurations and Periodicity (Page-163), Ionic and Covalent Bonding (Page-195), Molecular Geometry and Chemical Bonding Theory (Page-234), Reactions in Aqueous Solutions (Page-270), Thermochemistry (Page-311), Liquids and Solids (Page-345), Solutions (Page-289), The Atmosphere (Page-425), Hydrogen and its Compounds with Oxygen (Page-466), Rates of Reaction (Page-493), Chemical Equilibrium (Page-535), Acid Base Concepts (Page-569), Acid Base Equilibria (Page-593), Solubility and Complex-Ion Equilibria (Page-625), Thermodynamics and Equilibrium (Page-655),Electrochemistry (Page-682), Nuclear Chemistry (Page-716), The Main Group Elements (Page-759), The Main Group Elements Groups IVA to VIIA (Page-798), The Transition Elements (Page-841), Organic Chemistry (Page-893), Biochemistry (Page-935). | ||
| 650 | 0 | _aChemistry. | |
| 700 | 1 |
_aWrighton, Mark S., _d1949- _999693 |
|
| 942 |
_2ddc _cBK |
||
| 999 |
_c183306 _d183306 |
||